| 000 | 00378pab a2200145 454500 | ||
|---|---|---|---|
| 008 | 180718b2002 xxu||||| |||| 00| 0 eng d | ||
| 100 | _aHaynes, Wendy | ||
| 245 | _aTransportation at the millennium: in search of a megaproject lens | ||
| 260 | _c2002 | ||
| 300 | _ap.62-89. | ||
| 362 | _aSummer | ||
| 650 | _aTransport | ||
| 773 | _aReview of Policy Research | ||
| 909 | _a54008 | ||
| 999 |
_c54008 _d54008 |
||